Handbuch der Kennwerte von metallischen Werkestoffen 2 : Hochlegierte Stähle und Nichteisenmetalle

Guardado en:
Detalles Bibliográficos
Formato: Libro
Lenguaje:alemán
Publicado: Düsseldorf : DVS, 1989
Materias:
Etiquetas: Agregar Etiqueta
Sin Etiquetas, Sea el primero en etiquetar este registro!

MARC

LEADER 00000nam a22000003a 4500
001 stu44530
005 20150408180404.1
008 950424s1989----gw------------------ger-d
020 |a 3-87155-722-6 
040 |a STU  |b slo 
041 0 |a ger 
044 |a gw 
080 |a 669.017 
245 |a Handbuch der Kennwerte von metallischen Werkestoffen 2 :  |b Hochlegierte Stähle und Nichteisenmetalle 
260 |a Düsseldorf :  |b DVS,  |c 1989 
300 |a Nestr 
650 7 |a materiály kovové  |2 stusub 
650 7 |a hodnoty  |2 stusub 
650 7 |a kovy  |2 stusub 
996 |b M 28813  |c M*9116/2-1  |l MMKN  |s A  |a 24  |w stu44530_0001